000 00654nam a2200157 4500
999 _c16382
_d16382
008 220203b ||||| |||| 00| 0 eng d
022 _a0893-8989
082 _aDPer 363.205 P75 Sept 2013-May 2016 v. 37 & 40, n. 9-11/1-5
100 _aBasich, Melanie.
_943845
245 _aHeavy lifting:
_bescape international's airTEP platform can deploy or evacuate 10 people via helicopter at once/
_cMelanie Basich.
260 _aCalifornia:
_bBobit Business Media,
_c©Sept 2013-May 2016.
300 _av37 n11, page 12;
_billustrations:
_c27 cm.
500 _aPolice: the law enforcement.
650 _aPolice
_xEquipment and supplies.
_943846
942 _2ddc
_cPER